000 00688nam a2200181Ia 4500
005 20250423095017.0
008 250422s9999 xx 000 0 und d
020 _a9789814968973
050 _aRB 46.5 .D46/
100 _aEdited by Sekaran, Shamala Devi
245 0 _aDengue Diagnostics
260 _aSingapore
260 _bJenny Standford Publishing Pte. LTD
260 _c2024
300 _avi, 101p.: ill.
650 _aDengue fever diagnosis; Infectious disease testing; Laboratory diagnostics; Serological testing; Molecular diagnostics; Public health surveillance; Vector-borne diseases; Rapid diagnostic tests; Epidemiology of dengue; Clinical microbiology.
942 _cBK
999 _c28966
_d28966